[Event "XV South American-ch Open U20 2019"]
[Site "Asuncion"]
[Date "2019.05.17"]
[Round "9.9"]
[White "Ayala Ruiz, Miguel Angel"]
[Black "Gomez Barrera, Gonzalo Andres"]
[Result "1-0"]
[WhiteElo "1444"]
[BlackElo "2058"]
[Annotator "NA RC"]
[PlyCount "59"]
[EventDate "2019.05.11"]
[EventType "swiss"]
[EventCountry "PAR"]
[SourceTitle "playchess.com"]
[Source "ChessBase"]
[SourceQuality "1"]
[TimeControl "5400+30"]

1. e4 c5 2. d4 cxd4 3. c3 Nf6 4. e5 Nd5 {cxd5 Nd5} 5. cxd4 e6 6. Nf3 b6 7. Be2 Be7 8. O-O O-O 9. Nc3 Nxc3 10. bxc3 Qc7 11. Qc2 Ba6 12. c4 d5 13. Bd3 g6 14. h4 Bxc4 15. h5 Rc8 16. hxg6 hxg6 17. Bg5 Bxg5 18. Nxg5 Qe7 19. f4 Kg7 20. Rf3 Na6 21. a3 b5 22. Rg3 Bxd3 23. Qxd3 Rh8 24. Qxb5 Nc7 25. Qc6 Rh4 26. Rc1 Rc8 27. Qd6 Kf8 28. Rgc3 Re8 29. Rxc7 Qxd6 30. Rxf7+ 1-0

[Event "XV South American-ch Open U20 2019"]
[Site "Asuncion"]
[Date "2019.05.17"]
[Round "9.10"]
[White "Ayala Ruiz, Miguel Angel"]
[Black "Gomez Barrera, Gonzalo Andres"]
[Result "1-0"]
[WhiteElo "1444"]
[BlackElo "2058"]
[Annotator "NA RC"]
[PlyCount "33"]
[EventDate "2019.05.11"]
[EventType "swiss"]
[EventCountry "PAR"]
[SourceTitle "playchess.com"]
[Source "ChessBase"]
[SourceQuality "1"]
[TimeControl "5400+30"]

1. e4 d5 2. exd5 Qxd5 3. d4 Nf6 4. Nf3 Bg4 5. Be2 e6 6. O-O Nc6 7. c3 Be7 8. Qb3 O-O-O 9. Be3 Ne4 10. Rc1 f5 11. Bc4 Qd6 12. Bxe6+ Kb8 13. d5 Na5 14. Qa4 b6 15. b4 Nc4 16. Nd4 Bf6 17. Nb5 1-0

[Event "XV South American-ch Open U20 2019"]
[Site "Asuncion"]
[Date "2019.05.17"]
[Round "9.11"]
[White "Avalos Sanabria, Augusto Alfredo"]
[Black "Araoz Andrade, Ivan Alexander"]
[Result "0-1"]
[WhiteElo "1474"]
[BlackElo "1843"]
[Annotator "NA RC"]
[PlyCount "48"]
[EventDate "2019.05.11"]
[EventType "swiss"]
[EventCountry "PAR"]
[SourceTitle "playchess.com"]
[Source "ChessBase"]
[SourceQuality "1"]
[TimeControl "5400+30"]

1. e4 c5 2. Nf3 d6 3. d4 cxd4 4. Nxd4 Nf6 5. Nc3 a6 6. f3 e5 7. Nde2 Be6 8. Be3 h5 9. Bg5 Nbd7 10. h4 Be7 11. Qd2 b5 12. a3 Qb6 13. Be3 Qb7 14. Ng3 g6 15. Bd3 Nb6 16. b3 Rc8 17. O-O O-O 18. Bg5 Nh7 19. Nce2 Bxg5 20. hxg5 Qe7 21. Qa5 Qa7 22. Bxb5 Nc4+ 23. Kh1 Nxa5 24. Bd3 h4 0-1

[Event "XV South American-ch Open U20 2019"]
[Site "Asuncion"]
[Date "2019.05.17"]
[Round "9.12"]
[White "Menacho Admen, Victor Gabriel"]
[Black "Allo Collante, Enrique"]
[Result "0-1"]
[WhiteElo "1103"]
[BlackElo "1595"]
[Annotator "NA RC"]
[PlyCount "56"]
[EventDate "2019.05.11"]
[EventType "swiss"]
[EventCountry "PAR"]
[SourceTitle "playchess.com"]
[Source "ChessBase"]
[SourceQuality "1"]
[TimeControl "5400+30"]

1. d4 d5 2. c4 c6 3. Nc3 Nf6 4. Bg5 Nbd7 5. cxd5 cxd5 6. Nf3 e6 7. e3 Be7 8. Bb5 O-O 9. O-O a6 10. Ba4 b5 11. Bb3 Bb7 12. a3 Ne8 13. Bxe7 Qxe7 14. Re1 Nd6 15. Bc2 f5 16. Nd2 Qf6 17. f3 Nb6 18. e4 Qxd4+ 19. Kf1 fxe4 20. Ndxe4 Qxd1 21. Raxd1 Nxe4 22. Nxe4 dxe4 23. Bxe4 Bxe4 24. Rxe4 Rf6 25. Red4 Nd5 26. Kf2 Rc8 27. R1d2 Rc6 28. Ke2 Kf7 0-1